00000000nam 2200000zi 4500
0019.947530
003CaOODSP
00520250131143410
006m     o  d f      
007cr bn|||||||||
008250129e198207  oncad   ob   f000 0 eng d
040 |aCaOODSP|beng|erda|cCaOODSP
043 |an-cn---
0861 |aDR52-19/29-1982E-PDF
1001 |aForshaw, S. E., |eauthor.
24512|aA study of hearing loss among high- and medium-frequency radio operators / |cS.E. Forshaw, J.I. Cruchley, R.B. Crabtree, S.L. Mendlowitz, D.D. Elcombe.
264 1|aDownsview, Ontario : |bDefence and Civil Institute of Environmental Medicine : |bDepartment of National Defence, Canada, |cJuly 1982.
300 |a1 online resource (44 pages) : |billustrations, graphs.
336 |atext|btxt|2rdacontent
337 |acomputer|bc|2rdamedia
338 |aonline resource|bcr|2rdacarrier
4901 |aDCIEM report ; |vno. 82-R-35
500 |aDigitized edition from print [produced by Defence R&D Canada].
504 |aIncludes bibliographical references (pages 20-21).
650 0|aRadio operators|zCanada.
650 0|aDeafness, Noise induced|zCanada.
650 0|aNoise|xPhysiological effect|zCanada.
650 6|aRadiotélégraphistes|zCanada.
650 6|aSurdité due au bruit|zCanada.
650 6|aBruit|xEffets physiologiques|zCanada.
7102 |aDefence and Civil Institute of Environmental Medicine (Canada), |eissuing body.
7101 |aCanada. |bDepartment of National Defence, |eissuing body.
830#0|aDCIEM report ;|vno. 82-R-35.|w(CaOODSP)9.941842
85640|qPDF|s1.83 MB|uhttps://publications.gc.ca/collections/collection_2025/rddc-drdc/DR52-19-29-1982-eng.pdf